00355nam a2200157Ia 4500008004100000041000800041082001200049100001900061245003100080250000600111260002700117300000800144365000700152500000700159650003100166231222s2022 xx 000 0 und d aeng a611/BHI aDr. S.B. Bhise aHuman Anatomy & Physiology a2 bNirali Prakashanc2022 a15p cRS aBV aHuman Anatomy & Physiology